书目信息 |
| 题名: |
采购原理与管理
|
|
| 作者: | 贝利 著 ;王增东 , 杨磊 译 | |
| 分册: | ||
| 出版信息: | 北京 电子工业出版社 2003 |
|
| 页数: | 322页 | |
| 开本: | 26cm | |
| 丛书名: | 物流与供应链管理系列 | |
| 单 册: | ||
| 中图分类: | F253.2 | |
| 科图分类: | ||
| 主题词: | 采购--企业管理--基本知识 , 采购 , 企业管理 , 物资经济 | |
| 电子资源: | ||
| ISBN: | 7-5053-8467-8 | |
| 000 | 01197oam2 2200337 450 | |
| 001 | 1152564715 | |
| 005 | 20111004143726.48 | |
| 010 | @a7-5053-8467-8@dCNY39.00 | |
| 100 | @a20021101d2003 em y0chiy0110 ea | |
| 101 | 1 | @achi@ceng |
| 102 | @aCN@b110000 | |
| 105 | @ay z 000yy | |
| 200 | 1 | @a采购原理与管理@Acai gou yuan li yu guan li@f(英)彼得·贝利(Peter Baily)等著@g王增东,杨磊译 |
| 210 | @a北京@c电子工业出版社@d2003 | |
| 215 | @a322页@d26cm | |
| 225 | 2 | @a物流与供应链管理系列 |
| 300 | @aILT物流职业资质认证指定教材 | |
| 305 | @a据原书第8版译出,英国Pealson Education Limited授权翻译出版 | |
| 330 | @a本书论述了采购职能的发展历程及到目前状况及未来展望,采购原理和采购实践,采购过程与技术和采购管理技巧,供应源搜寻和采购谈判与合同签订等。 | |
| 461 | 0 | @12001 @a物流与供应链管理系列 |
| 510 | 1 | @aPurchasing Principles and Management@e8e@zeng |
| 606 | 0 | @a采购@x企业管理@x基本知识 |
| 606 | 0 | @a采购 |
| 606 | 0 | @a企业管理 |
| 606 | 0 | @a物资经济 |
| 690 | @aF253.2@v4 | |
| 701 | 0 | @c(英)@a贝利@Abei li@c(Baily, Peter)@4著 |
| 702 | 0 | @a王增东@Awang zeng dong@4译 |
| 702 | 0 | @a杨磊@Ayang lei@c(翻译)@4译 |
| 801 | 0 | @aCN@bNLC@c20101222 |
| 905 | @a10447@dF253.2@eJY67 | |
| 采购原理与管理/(英)彼得·贝利(Peter Baily)等著/王增东,杨磊译.-北京:电子工业出版社,2003 |
| 322页;26cm.-(物流与供应链管理系列) |
| ILT物流职业资质认证指定教材 |
| ISBN 7-5053-8467-8:CNY39.00 |
| 本书论述了采购职能的发展历程及到目前状况及未来展望,采购原理和采购实践,采购过程与技术和采购管理技巧,供应源搜寻和采购谈判与合同签订等。 |
| ● |
| 相关链接 |
|
|
|
|
正题名:采购原理与管理
索取号:F253.2/JY67
 
预约/预借
| 序号 | 登录号 | 条形码 | 馆藏地/架位号 | 状态 | 备注 |
| 1 | 7813687 | 278136875 | 学院路分馆/ [索取号:F253.2/JY67] | 在馆 | |
| 2 | 7813688 | 278136884 | 学院路分馆/ [索取号:F253.2/JY67] | 在馆 |